| 000 | 01371cab a2200325 4500 | ||
|---|---|---|---|
| 001 | ABS55043 | ||
| 008 | 090401t1996 xxu||||| |||| 00| 0 eng d | ||
| 035 | _a(Sirsi) u13773 | ||
| 041 | _aeng | ||
| 245 | _aReal estate value trends | ||
| 260 | _c1996 | ||
| 300 | _aLOAN | ||
| 350 | _a0 | ||
| 490 |
_aNational Real Estate Investor _vSupplement 38(3) March 1996, (28) |
||
| 520 | _aProvides commentary and statistics on the US real estate market both nationwide and by major cities, including population, household, income, and employment details. Regional vacancy and construction rates are given for offices, apartments, industrial and retail property. Percentage change in the market for rents, reversion rates and capitalisation rates are provided by both region and property type. | ||
| 650 | _aAPARTMENTS | ||
| 650 | _aCONSTRUCTION RATES | ||
| 650 | _aINDUSTRIAL MARKET | ||
| 650 | _aPROPERTY-COMMERCIAL PROPERTY-OFFICE PROPERTY-OFFICE PROPERTY MARKET | ||
| 650 | _aPROPERTY VALUES | ||
| 650 |
_aRESIDENTIAL PROPERTY _96266 |
||
| 650 | _aPROPERTY-COMMERCIAL PROPERTY-RETAIL PROPERTY-RETAIL PROPERTY MARKET | ||
| 650 | _aREVERSION RATES | ||
| 650 | _aUNITED STATES | ||
| 650 | _aVACANCY RATES | ||
| 690 | _aPROPERTY-COMMERCIAL PROPERTY-COMMERCIAL PROPERTY MARKET | ||
| 690 | _aOVERSEAS-REST OF THE WORLD | ||
| 942 | _n0 | ||
| 948 | _c04/03/1997 | ||
| 999 |
_c8874 _d8874 |
||